000 00211nam a2200085Ia 4500
008 120527s9999 xx 000 0 und d
100 _aPitchmarson, C.E
245 _aMathematics for the general reader
942 _cBK
999 _c27818
_d27818